000 00554nam a2200229Ia 4500
003 OSt
005 20220924142535.0
006 a|||||r|||| 00| 0
007 ta
008 ASM
024 _a302360
037 _cTextual
040 _aARTS
_cARTS
_bASM
041 _2ASM
_aASM
082 _aO158,3NSAx1, M3
100 _aSaikia Chandraprasad
_9213597
245 0 _aAnggikar
260 _c1983
650 _aASSAMESE LITERATURE
_911738
942 _hO158,3NSAx1, M3
_cTEXL
_2CC
999 _c451081
_d451081